La reforma electoral en América Latina: seis contribuciones al debate
Gardado en:
| Autor Principal: | |
|---|---|
| Formato: | Libro |
| Idioma: | Lingua castelá |
| Publicado: |
San José
Capel
1987
|
| Subjects: | |
| Tags: |
Engadir etiqueta
Sen Etiquetas, Sexa o primeiro en etiquetar este rexistro!
|
MARC
| LEADER | 00000nam a2200000 a 4500 | ||
|---|---|---|---|
| 001 | UCT7162 | ||
| 003 | CL-VaPUC | ||
| 008 | 970116e19870000CR |||||||||||||||||spa|d | ||
| 082 | 0 | 4 | |a 324.63 |b NOH |2 21 |
| 100 | |a Nohlen, Dieter |e autor |9 616764 | ||
| 245 | 1 | 3 | |a La reforma electoral en América Latina: seis contribuciones al debate |
| 300 | |a 148 p | ||
| 942 | |c BK | ||
| 945 | |d 19970116 00:00:00 |a paguirre | ||
| 260 | |a San José |b Capel |c 1987 | ||
| 650 | 0 | |a Sistemas electorales |9 326307 | |
| 650 | 0 | |a Representación política |9 362081 | |
| 650 | 0 | |a Elecciones |9 254997 | |
| 650 | 0 | |a Democracia |9 255256 | |
| 650 | 7 | |a SISTEMAS POLITICOS |2 CL-VaPUC |9 377941 | |
| 651 | 0 | |a América Latina |9 255027 | |
| 583 | |a last modification |c 19970116 00:00:00 |k Rodrigo Vera | ||
| 999 | |c 255822 |d 255820 | ||
| 952 | |0 0 |1 0 |4 0 |6 324_630000000000000_NOH_1987 |7 0 |8 A |9 278256 |a BIBDER |b BIBDER |d 2019-11-19 |i 1806963 |o 324.63 NOH 1987 |p 1806963 |r 2023-01-25 |w 2019-11-19 |y BK |k DER | ||